000 00951nam a22002297a 4500
999 _c12056
_d12056
003 AR-CdUCM
008 190405b ||||| |||| 00| 0 spa d
040 _aMUNICIPALIDAD PROVINCIAL DEL CUSCO
_cBIBLIOTECA MUNICIPAL DEL CUSCO
082 _a708.85 /
_bT36 / 1949
110 _aInstituto de investigaciones de arte Peruano y Americano
_929620
245 _aTemplo de la Inmaculada de Lampa /
260 _aLima :
_bPublicaciones del instituto de investigaciones e arte Peruano y americano,
_c1949.
300 _a41 paginas ;
_bIlustraciones,
_c21 cm.
440 _aDocumentos del arte Peruano
_nIV
_929720
505 _aContenido : Ubicación geográfica e historial de Lampa -- El templo de la Inmaculada -- Análisis Arquitectónico -- Interior del Templo.
650 _aVirgen
_929721
650 _aInmaculada Concepción
_929722
650 _aTemplo
_929723
650 _aRetablos
_929724
942 _2ddc
_cLIBROS
945 _awnts
_d2019-04-05